00601nam a2200193 i 4500001000400000100002100004245006000025260008100085300002500166504002400191600004700215650003400262830003000296040000800326041000800334044000700342080001700349008004100366bgj1 aKAKIETEK, Piotr.10aModal verbs in Shakespeare's English /cPiotr Kakietek. aPoznań :bUniwersytet im. Adama Mickiewicza. Wydział Filologiczny,c1972. a76, [2] s. ;c23 cm. aBibliogr. s. 73-76.1 aShakespeare, Williamd(1564-1616)xjęzyk9 aCzasownik angielskiy16-17 w. aSeria Filologia Angielska cBPK0 apol aPL a811.111(091) s pl f |000 0 pol